Administration of libraries

保存先:
書誌詳細
第一著者: Chauhan, Sachin
フォーマット: 図書
言語:Undetermined
出版事項: Darya Ganj, New Delhi Mohit Pubications 2004
主題:
タグ: タグ追加
タグなし, このレコードへの初めてのタグを付けませんか!
Thư viện lưu trữ: Trung tâm Học liệu Trường Đại học Cần Thơ
LEADER 00526nam a2200193Ia 4500
001 CTU_124720
008 210402s9999 xx 000 0 und d
020 |c 35.00 
082 |a 025.1 
082 |b C496 
100 |a Chauhan, Sachin 
245 0 |a Administration of libraries 
245 0 |c Sachin Chauhan 
260 |a Darya Ganj, New Delhi 
260 |b Mohit Pubications 
260 |c 2004 
650 |a Library science,Library administration 
904 |i Minh 
980 |a Trung tâm Học liệu Trường Đại học Cần Thơ